000 00250nam a22001097a 4500
008 240531b |||||||| |||| 00| 0 eng d
100 _aChiani, Samual
_915059
245 _aDevdas
260 _aBombay
_bKunj Pub.
_c1968
300 _a190p.
942 _cBK
999 _c39428
_d39428